000 01341nam a2200313 i 4500
003 EG-GICUC
005 20260121101434.0
008 251206s1955 ua ||||fr|||| 00| 0 ara d
040 _a EG-GICUC
_bara
_c EG-GICUC
_d EG-GICUC
_erda
041 0 _aara
082 0 4 _221
_a345.13
_bأ ح . ق
092 0 4 _221
099 _aLaw1 345.13 أ ح . ق 1 ed - 1955
100 0 _aأحمد عبد القادر الجمال
_eمؤلف.
245 1 2 _aالقانون الإداري المصري المقارن :
_bمن الوجهة الفقهية والتطبيقية والجزائيةز.
_nالجزء الأول /
_cدكتور أحمد عبد القادر الجمال.
250 _aالطبعة الأولى
264 1 _aالقاهرة :
_bدار النهضة العربية،
_c1955.
300 _a287 ؛صفحة
_c24 سم.
336 _2rda content
_atext
337 _2rda media
_aComputer
338 _2rda carrier
_aOnline Resource
504 _aيشتمل على إرجاعات ببليوجرافية.
546 _aالنص أغلبه باللغة العربية مع بعض النصوص الفرنسية
650 1 4 _aمعيار تطبيق القانون الإداري
650 1 4 _aالقانون الإداري
856 4 0 _uhttps://fll.law.cu.edu.eg/fulltext/bks/B07-01327.pdf
905 _a32
_eYara
942 _2ddc
_cBK
_e21
_n0
999 _c48621
_d48621